000 01707nam a2200505 i 4500
001 4581
003 KOSZ 005
005 20200210130807.0
008 970612s1991 pl a f f |000 0 pol
015 _aPB 1991/2142
020 _a8301103078
035 _a991001706599705066
035 _a(PL-WaBN)b1048212x-48omnis_nlop
035 _ab1048212x
035 _a(OCoLC)749272426
035 _a(PL)b0000001048212
035 _a(EXLNZ-48OMNIS_NETWORK)9910309064405606
040 _aWA N
_cWA N
_dKOSZ 005/HR
046 _k1991
080 _a621.3.049.77
080 _a(075.8)
100 1 _aŁakomy, Marian
_eAutor
245 1 0 _aUkłady scalone CMOS /
_cMarian Łakomy, Jan Zabrodzki.
260 _aWarszawa :
_bPańst. Wydaw. Naukowe,
_c1991.
300 _a198, [2] s. :
_brys., wykr. ;
_c24 cm.
336 _2rdacontent
_aTekst
_btxt
337 _2rdamedia
_3Bez urządzenia posredniczącego
_an
338 _2rdacarrier
_aWolumin
_bnc
380 _aKsiążki
380 _aPublikacje fachowe
380 _aPublikacje dydaktyczne
385 _mPoziom nauczania
_aSzkoły wyższe
388 _a1901-2000
388 _a1989-2000
504 _aBibliogr. s. 198.
521 _aDla studentów uczelni technicznych oraz inżynierów i techników specjalizujących się w technice cyfrowej.
650 7 _aUkład scalony
_2DBN
655 7 _aPodręczniki akademickie
_2DBN
658 _aInżynieria i technika
700 1 _aZabrodzki, Jan
_eAutor
710 2 _aPaństwowe Wydawnictwo Naukowe
856 _uhttp://koha.tu.koszalin.pl/cgi-bin/koha/opac-detail.pl?biblionumber=4581
_yKatalog online BPK
942 _2UKD
_cKS
999 _c4581
_d4581